00860nam a2200217 i 450000100060000000300090000600500170001500700030003200800410003502000180007610000340009424501600012826000570028830000330034550400280037870000290040670000350043585200330047099900170050395201220052095879ES-MaACL20230906181807.0t|050607s1978 ck ||||1| spa d a968-858-063-51 aMacDonald, Simon G. G.97512310aFísica para las ciencias de la vida y de la salud / cSimon G. G. MacDonald, Desmond M. Burns; versión en español de Albino Yusta Almarza...[et al.]. aBogotá : bFondo Educativo Interamericano, c1978. aX, 589 p. : bil. ; c23 cm. aBibliografía. Indice.1 aBurns, Desmond M.9327491 aYusta Almarza, Albino.9117753 aES-MaACLjL-11641 bR.113157 c95879d95879 00104070aATENEOMbATENEOMcDEPO2d2008-01-17eSCl0oL-11641p1100112r2023-02-23 00:00:00w2023-02-23yMONOGRAFIA